000 00955nam a22002537a 4500
003 MX-MxUPN
005 20240830122851.0
008 240830q1898 sp a|||fr|||| 001 0 spa d
040 _aMX-MxUPN
_bspa
_cMX-MxUPN
041 _aspa
050 4 _aLB1139 W7
_bF44
100 1 _952415
_aFlores González, Pedro
245 _aLectura de manuscritos
250 _aSéxta edición
260 _aMadrid :
_bImprenta de E. [Rubiños],
_c[1898].
300 _a133 páginas :
_bilustraciones
500 _a"Contiene estilo de cartas, modelos de facturas, recibos, pagarés y documentos útiles que pueden redactarse sin necesidad de notario ni abogado"
500 _a"Aprobada de texto para los establecimientos públicos de primera enseñanza"
504 _aIncluye índice.
650 0 _913110
_aEscritura
_xEnseñanza correctiva
650 4 _92804
_aEscritura
_xEstudio y enseñanza (Elemental)
902 _bMaríaRobles/300824
942 _2lcc
_cLIBRO
_n0
999 _c211704
_d211704